| 000 | 00882nam a2200289 a 4500 | ||
|---|---|---|---|
| 001 | 23732 | ||
| 003 | BD-RjUL | ||
| 005 | 20211209000950.0 | ||
| 008 | 140311r19951985enk 000 0 eng d | ||
| 020 | _a0415036763 | ||
| 035 | _a(BD-RjUL)23797 | ||
| 040 |
_aUkOxU _beng _cUkOxU _dBD-RjUL |
||
| 041 | _aeng | ||
| 082 | 0 | 0 |
_a301.0944 _223 _bSMM 1995 |
| 100 | 1 |
_aSmart, Barry. _973068 |
|
| 245 | 1 | 0 |
_aMichel Foucault / _cBarry Smart |
| 260 |
_aLondon : _bRoutledge, _cc1985 [Reprinted 1995]. |
||
| 300 |
_a150 p. ; _c20 cm |
||
| 490 | 1 | _aKey sociologists | |
| 500 | _aOriginally published: Chichester : Ellis Horwood, 1985 | ||
| 504 | _aBibliography: p145-147. - Includes index | ||
| 600 | 1 | 0 |
_aFoucault, Michel, _d1926-1984. _9189129 |
| 650 |
_aSociology _zFrance _9189130 |
||
| 830 | 0 |
_aKey sociologists (Routledge (Firm)) _9173919 |
|
| 942 |
_2ddc _cBK |
||
| 999 |
_c23732 _d23732 |
||